000
00278nam a22001097a 4500
082
_a
621.395 MAL'C
100
_a
ENKE, C. G ,MALMSTADT, H. V
_9
57617
245
_a
COMPUTER LOGIC ,A LABORATORY WORKBOOK
260
_a
NEWYORK
_b
W. A. BENJAMIN
_c
1970
300
_a
167P
942
_c
BK
999
_c
567885
_d
567885